000 005730000a22001810004500
003 MACL
005 20160120130334.0
008 160120b xxu||||| |||| 00| 0 eng d
040 _aMACL
_cMACL
041 _aHindi
082 _a001/SIN
100 _aडॉ ब्रजनाथ सिंह
_933600
245 _aसामान्‍य ज्ञान
_bकौन क्‍या है 2001
260 _bसाइंटिफिक पब्लिशर्स
_c2003
_aभोपाल
350 _a30
650 _aGeneralities
_91354
942 _cHIN
_k001/SIN
_2ddc
999 _c30534
_d30534